| 000 -ლიდერი |
| ფიქსირებული სიგრძის საკონტროლო ველი |
01409nam a22002177a 4500 |
| 003 - საკონტროლო ნომრის იდენტიფიკატორი |
| საკონტროლო ველი |
Ge_BSU |
| 005 - ბოლო ოპერაციის თარიღი და დრო |
| საკონტროლო ველი |
20240325111441.0 |
| 008 - ფიქსირებული სიგრძის მონაცემთა ელემენტები - ზოგადი ინფორმაცია |
| ფიქსირებული სიგრძის საკონტროლო ველი |
200120s2019 ||||| |||| 00| 0 geo d |
| 020 ## - წიგნის საერთაშორისო სტანდარტული ნომერი |
| International Standard Book Number |
24492507 |
| 041 ## - ენის კოდი |
| Language code of text/sound track or separate title |
geo |
| 080 ## - უნივერსალური ათობითი კლასიფიკაციის ინდექსი |
| Universal Decimal Classification number |
378(063)ს-92 |
| 245 ## - ცნობა სათაურის შესახებ |
| Title |
საქართველოს მეცნიერებათა ეროვნული აკადემიის აჭარის ავტონომიური რესპუბლიკის რეგიონული სამეცნიერო ცენტრის : შრომები: V : Transactions / |
| Statement of responsibility, etc |
მთ.რედ. ვანო პაპუმიძე ; სარედ.კოლეგ : მამია ფაღავა ; მარინე აროშიძე ; [და სხვ] |
| 264 ## - წარმოების, გამოცემის, დისტრიბუციის და სხვა ცნობები |
| გამოცემის, წარმოების, დისტრიბუციის... ადგილი |
ბათუმი, |
| გამოცემის, წარმოების, დისტრიბუციის... თარიღი |
2019. |
| 300 ## - ფიზიკური აღწერა |
| Extent |
225 გვ.: |
| Dimensions |
29 სმ. |
| 653 ## - INDEX TERM--UNCONTROLLED |
| Uncontrolled term |
შრომები |
| 700 ## - ADDED ENTRY--PERSONAL NAME |
| Personal name |
პაპუმიძე, ვანო |
| Relator term |
მთავარი რედაქტორი |
| 9 (RLIN) |
6256 |
| 700 ## - ADDED ENTRY--PERSONAL NAME |
| Personal name |
ფაღავა, მამია |
| Relator term |
სარედაქციო .კოლეგია |
| 9 (RLIN) |
6257 |
| 700 ## - ADDED ENTRY--PERSONAL NAME |
| Personal name |
აროშიძე, მარინა |
| Relator term |
სარედაქციო .კოლეგია |
| 9 (RLIN) |
2150 |
| 856 ## - ELECTRONIC LOCATION AND ACCESS |
| Uniform Resource Identifier |
http://science.org.ge/wp-content/uploads/2021/04/ajara-works-V_compressed-compressed.pdf |
| Link text |
ელ. ვერსია. pdf |
| 942 ## - ADDED ENTRY ELEMENTS (KOHA) |
| Source of classification or shelving scheme |
|
| Koha item type |
წიგნი |